000 00441nam a2200169 i 4500
001 bg
100 1 _aDEWITZOWA, Wanda
245 0 _aZwięzła gramatyka języka niemieckiego /
_cWanda Dewitzowa.
260 _aWarszawa,
_c1956.
650 9 _aJęzyk niemiecki
_xgramatyka
655 _aPodręczniki akademickie
040 _cBPK
041 _apol
080 _a803.0-5(075.8)
942 _cKS
008 s pl f |000 0 pol
999 _c26166
_d26166
856 _uhttp://koha.tu.koszalin.pl/cgi-bin/koha/opac-detail.pl?biblionumber=26166
_yKatalog online BPK